Kapitálová požiadavka poisťovne v súlade s direktívou Solventnosť II
Salvato in:
| Autore principale: | |
|---|---|
| Natura: | Capitolo di libro |
| Lingua: | inglese |
| Soggetti: | |
| Tags: |
Nessun Tag, puoi essere il primo ad aggiungerne!!
|
MARC
| LEADER | 00000naa$a2200000$$$4500 | ||
|---|---|---|---|
| 001 | 0289217 | ||
| 005 | 20240502074429.6 | ||
| 041 | 0 | |a eng | |
| 044 | |a SK | ||
| 245 | 1 | 0 | |a Kapitálová požiadavka poisťovne v súlade s direktívou Solventnosť II |c Martina Horváthová |
| 500 | |a Abstrakt | ||
| 610 | 2 | 0 | |a kapitál |
| 610 | 2 | 0 | |a solventnosť |
| 610 | 2 | 0 | |a poisťovne |
| 100 | 1 | |a Horváthová, Martina, 1998- | |